| 000 | 00930 a2200241 4500 | ||
|---|---|---|---|
| 008 | 100602t xxu||||| |||| 00| 0 eng d | ||
| 010 | _aENG-103388 | ||
| 020 |
_c350.00 _a9788189833299 |
||
| 035 | _aEN-86921 | ||
| 037 | _bDBAD / PUB | ||
| 040 |
_aDPL _bEng |
||
| 082 | _a341.584 | ||
| 100 |
_aBricmont, Jean _932320 |
||
| 245 |
_aHumanitarian imperialism : _cby Jean Bricmont _busing human rights to sell war / |
||
| 260 |
_aDelhi _bAakar Books _c2007 |
||
| 270 |
_a28E Pocket 4, Mayur Vihar Phase 1, _bDelhi _e110091 _k011-22795505 _l011-22795641 _maakarbooks@gmail. |
||
| 300 |
_a192p. _c24cm (Hb) |
||
| 500 | _aIncludes bibliographical references and index | ||
| 700 | _932354 | ||
| 710 | _932355 | ||
| 942 |
_adpl _cEN _2ddc _mBRI _h341.584 |
||
| 999 |
_c55241 _d55241 |
||